Právne možnosti riadenia distribučnej cesty

Obchodné právo, Obchodný zákonník, distribučná cesta. Voľnejšie obchodné partnerstvo - mandátna zmluva, komisionárska zmluva, zmluva o obchodnom zastúpení. Prísnejšie obchodné partnerstvo - zmluva o franšíze. Stručné charakteristiky.

Uložené v:
Podrobná bibliografia
Hlavný autor: Borguľová, Andrea
Médium: Kapitola
Jazyk:Slovak
Predmet:
Tagy: Pridať tag
Žiadne tagy, Buďte prvý, kto otaguje tento záznam!

MARC

LEADER 00000naa$a2200000$$$4500
001 0026562
005 20221128123658.4
041 0 |a slo 
044 |a SK 
245 1 0 |a Právne možnosti riadenia distribučnej cesty  |c Andrea Borguľová 
520 |a Obchodné právo, Obchodný zákonník, distribučná cesta. Voľnejšie obchodné partnerstvo - mandátna zmluva, komisionárska zmluva, zmluva o obchodnom zastúpení. Prísnejšie obchodné partnerstvo - zmluva o franšíze. Stručné charakteristiky. 
610 2 0 |a partneri obchodní 
610 2 0 |a kanály distribučné 
610 2 0 |a právo obchodné 
610 2 0 |a zmluvy obchodné 
610 2 0 |a zmluvy komisionárske 
610 2 0 |a franšíza 
610 2 0 |a franchising 
100 1 |a Borguľová, Andrea